Statistics for Taylor Swift - Wildest Dreams Lyrics

Click here to take the quiz!

General Stats

  • This quiz has been taken 177 times
  • The average score is 319 of 341

Answer Stats

Answer% Correct
a
100%
I
99%
In
99%
in
99%
me
99%
the
99%
you
99%
do"
98%
dream
98%
it
98%
Wildest
98%
wildest
98%
And
97%
and
97%
dreams
97%
he
97%
He
97%
Say
97%
see
97%
You'll
97%
you'll
97%
your
97%
ha
96%
so
96%
we
96%
down
95%
dress
95%
if
95%
My
95%
my
95%
Red
95%
remember
95%
Standin'
95%
standin'
95%
to
95%
when
95%
at
94%
does
94%
hands
94%
is
94%
just
94%
lips
94%
nice
94%
sunset
94%
this
94%
well
94%
as
93%
bad
93%
but
93%
But
93%
even
93%
Even
93%
handsome
93%
hell
93%
it's
93%
last
93%
"No
93%
of
93%
one
93%
rosy
93%
Starin'
93%
cheeks
92%
get
92%
He's
92%
out
92%
said
92%
tall
92%
Ah
91%
all
91%
are
91%
babe
91%
can
91%
city
91%
His
91%
his
91%
"Let's
91%
night
91%
town
91%
what
91%
know
90%
again
89%
around
89%
end
89%
from
89%
hair
89%
has
89%
now
89%
now"
89%
away
88%
Burnin'
88%
burnin'
88%
Drive
88%
gonna
88%
had
88%
kiss
88%
request
88%
these
88%
very
88%
with
88%
begins
87%
clothes
87%
follow
87%
memories
87%
Nothin'
87%
our
87%
room
87%
take
87%
up
87%
bet
86%
forever
86%
lasts
86%
leave
86%
Someday
85%
babe
84%
can't
84%
good
84%
help
84%
hindsight
84%
Nothing
84%
tangled
84%
Tangled
84%
"Heaven
83%
sound
83%
voice
83%
crowds"
82%
gettin'
82%
condition
81%
familiar
81%
thought
80%
we've
78%
pretend
73%

Score Distribution

Percentile by Number Answered

Percent of People with Each Score

Your Score History

You have not taken this quiz